Statistics for 100 Countries With the Highest Population - Country Quiz

Click here to take the quiz!

General Stats

  • This quiz has been taken 32 times
  • The average score is 83 of 100

Answer Stats

HintAnswer% Correct
216 MBrazil
100%
52 MColombia
100%
47 MSpain
100%
339 MUSA
100%
45.7 MArgentina
97%
1.425 BChina
97%
112 MEgypt
97%
126 MEthiopia
97%
64 MFrance
97%
1.428 BIndia
97%
277 MIndonesia
97%
89 MIran
97%
128 MMexico
97%
27 MNiger
97%
223 MNigeria
97%
240 MPakistan
97%
34.35 MPeru
97%
41 MPoland
97%
67.7 MUK
97%
45.6 MAlgeria
94%
36.6 MAngola
94%
38 MCanada
94%
83 MGermany
94%
55 MKenya
94%
60 MSouth Africa
94%
26.4 MAustralia
90%
34.1 MGhana
90%
58 MItaly
90%
37 MMorocco
90%
17.6 MNetherlands
90%
144 MRussia
90%
51 MSouth Korea
90%
48.1 MSudan
90%
67.4 MTanzania
90%
85 MTurkey
90%
98 MVietnam
90%
8 MAustria
87%
172 MBangladesh
87%
11.6 MBelgium
87%
10.34 MGreece
87%
45.5 MIraq
87%
123 MJapan
87%
117 MPhilippines
87%
10.2 MPortugal
87%
36.7 MUkraine
87%
28.83 MVenezuela
87%
16.9 MCambodia
84%
19.62 MChile
84%
11.1 MCuba
84%
34.30 MMalaysia
84%
23.29 MMali
84%
30.8 MNepal
84%
26.1 MNorth Korea
84%
19.8 MRomania
84%
36.9 MSaudi Arabia
84%
10.6 MSweden
84%
71 MThailand
84%
20.5 MZambia
84%
16.6 MZimbabwe
84%
42 MAfghanistan
81%
12.3 MBolivia
81%
10.49 MCzechia
81%
11.332 MDR
81%
18 MGuatemala
81%
30.3 MMadagascar
81%
33 MMozambique
81%
54 MMyanmar
81%
17.7 MSenegal
81%
18.14 MSomalia
81%
23.22 MSyria
81%
35 MUzbekistan
81%
34.4 MYemen
81%
9.4 MBelarus
77%
18.19 MEcuador
77%
11.7 MHaiti
77%
10.15 MHungary
77%
9.1 MIsrael
77%
11 MSouth Sudan
77%
48.5 MUganda
77%
28.6 MCameroon
74%
18.2 MChad
74%
28.87 MCote d'Ivoire
74%
12.4 MTunisia
74%
102 MDRC
71%
11.337 MJordan
71%
20.9 MMalawi
71%
23.9 MTaiwan
71%
9 MTogo
71%
13.7 MBenin
68%
13.2 MBurundi
68%
10.32 MPapua New Guinea
68%
9.5 MUAE
68%
14.1 MGuinea
65%
14 MRwanda
65%
21 MSri Lanka
65%
10.41 MAzerbaijan
61%
10.5 MHonduras
61%
10.14 MTajikistan
61%
23.25 MBurkina Faso
58%
19.60 MKazakstan
19%

Score Distribution

Percentile by Number Answered

Percent of People with Each Score

Your Score History

You have not taken this quiz